Taylor Swift songs that start with "F" - Statistics

General Stats
  • This quiz has been taken 27 times
  • The average score is 6 of 10
Answer Stats
Answer % Correct
Fearless
82%
Fifteen
82%
Forever & Always
76%
Fortnight
71%
Florida!!!
59%
Fresh Out The Slammer
59%
False God
53%
Father Figure
53%
Foolish One
41%
Forever Winter
41%
No matching quizzes found
Score Distribution
Percent of People with Each Score
Percentile by Number Answered
Your Score History
You have not taken this quiz